000 00389nam a2200157Ia 4500
008 230917s9999||||xx |||||||||||||| ||und||
020 _cRS100
040 _e8860
_aMAIN
041 _aEnglish
082 _a327.51 C399C
100 _aChavan, R S
245 0 _aChinese foreign policy: The Chou En-Lai era
260 _aNew Delhi
_bSterling
_c1979
300 _axiv, 261 p.
942 _cBK
999 _c207314
_d207314